Państwa graniczące z Polską 2 stopnia - Statystyki

Ogólne statystyki
  • Ten quiz został rozwiązany 61 razy
  • Średni wynik to 18 z 20
Odpowiedzi na mapie
Odpowiedzi zakodowano w zielono-czerwonej skali na mapie do tego quizu, zgodnie z poniższymi procentami.
 
Statystyki odpowiedzi
Odpowiedź % Poprawnych
Austria
100%
Belgia
100%
Dania
100%
Francja
100%
Łotwa
100%
Węgry
100%
Holandia
98%
Rumunia
96%
Mołdawia
93%
Szwajcaria
93%
Kazachstan
91%
Estonia
89%
Finlandia
87%
Luksemburg
85%
Norwegia
85%
Azerbejdżan
80%
Chiny
80%
Mongolia
80%
Gruzja
78%
Korea Północna
74%
Nie znaleziono quizów pasujących do podanych kryteriów
Rozkład punktacji
Procent ludzi z każdym wynikiem
Percentyl według liczby udzielonych odpowiedzi
Twoja historia wyników
Nie rozwiązałeś tego quizu